| 000 | 00693nam a2200181 a 4500 | ||
|---|---|---|---|
| 001 | 000029114 | ||
| 005 | 20200930055336.0 | ||
| 008 | 110413s1968 dr 000 0 spa d | ||
| 040 |
_aDO-SdBNP _bspa _cBNPHU |
||
| 100 | 1 |
_aSmith, Leon R. _956019 |
|
| 245 | 1 | 0 |
_aApuntes prácticos sobre el uso de abonos comerciales. / _cLeon R. Smith, Juan Francisco García. |
| 260 |
_aSantiago de los Caballeros, República Dominicana : _bDivición de Investigaciones Agrícolas, _c1968. |
||
| 300 |
_a11 p. ; _c28 cm. |
||
| 500 | _aBoletín no. 9 | ||
| 700 | 1 |
_aGarcía, Juan Francisco _956020 |
|
| 710 | 2 |
_aInstituto Superior de Agricultura _bDivición de Investigaciones Agrícolas _956021 |
|
| 049 | _aBNPD | ||
| 999 |
_c28606 _d28606 |
||